00355nam a22001212 4500001001100000005001700011008004100028040001500069100003100084245009300115260001000208300001500218000002464520151217161644.0140123s xx 000 0 eng d aKABUcKABU1 aTarus, Robert.@000018502712aA Critique of the land question and the plight of the landless in Kenya /cRobert Tarus. c2013. a44 leaves.